Οι αρχαιολάτρες γερμανοί ρομαντικοί του 18ου και 19ου αιώνα

Αποθηκεύτηκε σε:
Λεπτομέρειες βιβλιογραφικής εγγραφής
Κύριος συγγραφέας: Διακογιάννης, Δημήτρης Κ.
Μορφή: Βιβλίο
Γλώσσα:Greek
Δημοσίευση: Σάμος : Υπερόριος, 2008.
Σειρά:Δοκίμια (Υπερόριος)
Θέματα:
Ετικέτες: Προσθήκη ετικέτας
Δεν υπάρχουν, Καταχωρήστε ετικέτα πρώτοι!

MARC

LEADER 00000cam a2200000 i 4500
001 1/101979
008 090227s2008 gr | ||| |||| ||gre||
020 |a 9789606720086 
035 |l 10103480 
040 |a GR-MyUa  |b gre  |e AACR2 
041 0 |a gre 
082 0 |a 938.766   |2 (22) 
100 1 |a Διακογιάννης, Δημήτρης Κ. 
245 1 3 |a Οι αρχαιολάτρες γερμανοί ρομαντικοί του 18ου και 19ου αιώνα /   |c Δημήτρης Κ. Διακογιάννης.  
260 |a Σάμος :   |b Υπερόριος,   |c 2008.  
300 |a 204 σ. ;   |c 20 εκ.  
490 1 |a (Δοκίμια ;   |v 1)  
504 |a Βιβλιογραφία: σ. [185]-201.  
650 0 0 |a World War, 1939-1945. 
651 0 |a Greece  |x History  |y 1917-1944. 
830 0 |a Δοκίμια (Υπερόριος) 
852 |a INST  |b LEMNOS  |e 20141128  |h 938.766 ΔΙΑ  |p 005600001607  |q 005600001607  |t BK  |y 0 
852 |a INST  |b SAMOS  |e 20090227  |h 938.766 ΔΙΑ  |p 005300029233  |q 005300029233  |t BK  |y 0 
901 |a BIBL3-2009-1 
901 |a BIBL6-2014-3 
970 |a ΣΙΤΖΙΜΗ  |b ΓΙΑΣΕΜΗ  |z 2009/02/27